| 000 | 00631nam a2200169Ia 4500 | ||
|---|---|---|---|
| 003 | LK-CoDNM | ||
| 008 | 010623t2011 xxu||||| |||| 00| 1 sin d | ||
| 040 |
_aLK-CoDNM _dLK-CoDNM _eLK-CoDNM |
||
| 041 | _asin | ||
| 080 |
_a398 _bKAH |
||
| 100 | _aKahadagamage,Sandhya | ||
| 245 | _aගොවි බස : හේන, කුඹුර ආශ්රිත සමාජ හා මානව විද්යාත්මක අධ්යනයකි | ||
| 246 | _aGowi Basa : Hena Kubura Aashritha Samaja ha Manawa Widyathmaka Adhayanayaki | ||
| 260 |
_bSarasavi Prakashana _aNugegoda _c2011 |
||
| 300 | _b212, 21 cm | ||
| 942 | _cBK | ||
| 999 |
_c131004 _d131004 |
||